[Event "Schleswig Holstein-ch Seniors op 11th"]
[Site "Buesum"]
[Date "2017.09.15"]
[Round "8"]
[White "Krebel, Christoph"]
[Black "Knaak, Joachim"]
[Result "0-1"]
[WhiteElo "2021"]
[BlackElo "2129"]
[PlyCount "102"]
[EventDate "2017.09.08"]
[EventType "swiss"]
[EventRounds "9"]
[EventCountry "GER"]
[SourceTitle "EXT 2019"]
[Source "ChessBase"]
[SourceDate "2018.10.10"]
[SourceVersion "1"]
[SourceVersionDate "2018.10.10"]
[SourceQuality "1"]

1. d4 Nf6 2. c4 g6 3. f3 d5 4. cxd5 Nxd5 5. e4 Nf6 6. Nc3 Bg7 7. Be3 0-0 8. Bc4 c6 9. Qd2 b5 10. Bb3 a5 11. Nge2 Ba6 12. 0-0 Nbd7 13. e5 b4 14. Na4 Nd5 15. Rfc1 Rc8 16. Nc5 Nxc5 17. Rxc5 Nxe3 18. Qxe3 Bxe2 19. Qxe2 Qxd4+ 20. Qf2 Bxe5 21. Rd1 Qxf2+ 22. Kxf2 Bxb2 23. Rd7 Bf6 24. Ke2 Kg7 25. Rxa5 c5 26. Bc4 Rc6 27. Raa7 Rb8 28. Kd3 Rcc8 29. Ke4 Rd8 30. g4 Rxd7 31. Rxd7 Kf8 32. Rd5 Bd4 33. h4 h6 34. h5 Rb6 35. Rd8+ Kg7 36. Rd7 e6 37. hxg6 Kxg6 38. Kf4 Rb8 39. Bd3+ Kf6 40. Ke4 Rg8 41. Be2 Ra8 42. Bc4 h5 43. gxh5 Rh8 44. Kd3 Rxh5 45. Ke2 Rh2+ 46. Kd3 Rf2 47. Ke4 Rc2 48. Bb3 Re2+ 49. Kf4 Be5+ 50. Kg4 Rg2+ 51. Kh4 Kg6 0-1

[Event "Schleswig Holstein-ch Seniors op 11th"]
[Site "Buesum"]
[Date "2017.09.09"]
[Round "2"]
[White "Juergens, Peter1111"]
[Black "Krebel, Christoph"]
[Result "1/2-1/2"]
[WhiteElo "1893"]
[BlackElo "2021"]
[PlyCount "52"]
[EventDate "2017.09.08"]
[EventType "swiss"]
[EventRounds "9"]
[EventCountry "GER"]
[SourceTitle "EXT 2019"]
[Source "ChessBase"]
[SourceDate "2018.10.10"]
[SourceVersion "1"]
[SourceVersionDate "2018.10.10"]
[SourceQuality "1"]

1. d4 d5 2. Bf4 c5 3. e3 Nc6 4. c3 Qb6 5. Qb3 c4 6. Qc2 Nf6 7. Nd2 Qd8 8. b3 cxb3 9. axb3 e6 10. Ngf3 Bd6 11. Bxd6 Qxd6 12. Be2 0-0 13. 0-0 Bd7 14. Qb2 Rfc8 15. Rfc1 Rc7 16. c4 Rac8 17. c5 Qe7 18. b4 a6 19. b5 axb5 20. Bxb5 Re8 21. Bxc6 Bxc6 22. Ne5 Rcc8 23. h3 Ra8 24. Rxa8 Rxa8 25. Ra1 Qd8 26. Ra2 Nd7 1/2-1/2

[Event "GER-chA Seniors 28th"]
[Site "Niederhausen"]
[Date "2016.08.18"]
[Round "6"]
[White "Jolowicz, Matias"]
[Black "Krebel, Christoph"]
[Result "1-0"]
[WhiteElo "2131"]
[BlackElo "2007"]
[PlyCount "61"]
[EventDate "2016.08.13"]
[EventType "swiss"]
[EventRounds "9"]
[EventCountry "GER"]
[SourceTitle "EXT 2019"]
[Source "ChessBase"]
[SourceDate "2018.10.10"]
[SourceVersion "1"]
[SourceVersionDate "2018.10.10"]
[SourceQuality "1"]

1. c4 c6 2. Nf3 d5 3. e3 Nf6 4. Nc3 e6 5. b3 Nbd7 6. Qc2 Bd6 7. Be2 0-0 8. Bb2 Qe7 9. 0-0 b6 10. cxd5 exd5 11. Nd4 Nc5 12. Nxc6 Qc7 13. Nd4 Bxh2+ 14. Kh1 Bd6 15. Ncb5 Qe7 16. Nxd6 Qxd6 17. Nf5 Bxf5 18. Qxf5 Qe6 19. Qh3 Nfe4 20. d3 Nd6 21. Kg1 Rad8 22. Rfd1 Rfe8 23. Rac1 Qg6 24. Qg4 Re6 25. Qxg6 Rxg6 26. b4 Na4 27. Ba1 Re6 28. Bf3 Ne8 29. Rd2 Kf8 30. Bd4 f5 31. Bd1 1-0

[Event "Reutlingen op 20th"]
[Site "Reutlingen"]
[Date "2015.05.23"]
[Round "2"]
[White "Nadj Hedjesi, Balind"]
[Black "Krebel, Christoph"]
[Result "1-0"]
[WhiteElo "2410"]
[BlackElo "2059"]
[PlyCount "117"]
[EventDate "2015.05.22"]
[EventType "swiss"]
[EventRounds "7"]
[EventCountry "GER"]
[SourceTitle "EXT 2016"]
[Source "ChessBase"]
[SourceDate "2015.10.08"]
[SourceVersion "1"]
[SourceVersionDate "2015.10.08"]
[SourceQuality "1"]

1. e4 Nf6 2. Nc3 e5 3. d4 exd4 4. Qxd4 Nc6 5. Qe3 d6 6. Bd2 Be7 7. 0-0-0 0-0 8. h4 Bg4 9. Nge2 Ne5 10. Qg3 Nh5 11. Qh2 Be6 12. Nd4 Ng4 13. Qg1 c5 14. Nxe6 fxe6 15. Be2 Nxf2 16. Bxh5 Nxh1 17. Qxh1 Bf6 18. Qh3 Qe7 19. Bg4 Rae8 20. Be1 Be5 21. Bg3 Qf6 22. Rd3 Bf4+ 23. Kb1 Qe5 24. a4 Bxg3 25. Qxg3 Rf1+ 26. Ka2 Qxg3 27. Rxg3 Rf2 28. Kb1 Rf1+ 29. Ka2 Rf2 30. Nb5 d5 31. e5 Rf4 32. b3 Re7 33. Nxa7 c4 34. Nc8 cxb3+ 35. Kxb3 Re8 36. Nd6 Re7 37. a5 h6 38. h5 Kh7 39. Be2 Rf2 40. Bd3+ Kg8 41. Kb4 Rf4+ 42. Kb5 Rc7 43. Kb6 Re7 44. Bb5 Rb4 45. Rc3 Rb2 46. g4 g5 47. hxg6 Kg7 48. Rc7 Rxc7 49. Kxc7 Rxc2+ 50. Kxb7 Ra2 51. a6 Kxg6 52. a7 Rxa7+ 53. Kxa7 Kg5 54. Be2 Kf4 55. Nf7 d4 56. Kb6 Ke3 57. Kc5 Kxe2 58. Kxd4 Kf3 59. g5 1-0

[Event "Goch op 25th"]
[Site "Goch"]
[Date "2014.09.07"]
[Round "6"]
[White "Krebel, Christoph"]
[Black "Carlstedt, Jonathan"]
[Result "0-1"]
[WhiteElo "2033"]
[BlackElo "2442"]
[PlyCount "66"]
[EventDate "2014.09.04"]
[EventType "swiss"]
[EventRounds "7"]
[EventCountry "GER"]
[SourceTitle "EXT 2016"]
[Source "ChessBase"]
[SourceDate "2015.10.08"]
[SourceVersion "1"]
[SourceVersionDate "2015.10.08"]
[SourceQuality "1"]

1. d4 Nf6 2. c4 d6 3. Nc3 Nbd7 4. e4 e5 5. d5 Be7 6. Be3 0-0 7. f3 Nh5 8. Qd2 h6 9. Nh3 Nc5 10. g4 Bh4+ 11. Kd1 Nf6 12. g5 Bxh3 13. Bxh3 hxg5 14. Rg1 Nh5 15. b4 Na6 16. Ne2 Qf6 17. Bxg5 Bxg5 18. Qxg5 Qxg5 19. Rxg5 g6 20. a3 Kg7 21. Kd2 Rh8 22. Rag1 Kf6 23. Bd7 Rag8 24. Ke3 Nb8 25. Ba4 Rh6 26. Bc2 Nd7 27. R5g2 Rgh8 28. Rf1 a5 29. f4 Nxf4 30. Nxf4 exf4+ 31. Rxf4+ Ke7 32. Rgf2 Ne5 33. c5 g5 0-1

[Event "Goch op 25th"]
[Site "Goch"]
[Date "2014.09.07"]
[Round "7"]
[White "Wiesebach, Wolfgang"]
[Black "Krebel, Christoph"]
[Result "0-1"]
[WhiteElo "1932"]
[BlackElo "2033"]
[PlyCount "88"]
[EventDate "2014.09.04"]
[EventType "swiss"]
[EventRounds "7"]
[EventCountry "GER"]
[SourceTitle "EXT 2016"]
[Source "ChessBase"]
[SourceDate "2015.10.08"]
[SourceVersion "1"]
[SourceVersionDate "2015.10.08"]
[SourceQuality "1"]

1. d4 d5 2. Bf4 c5 3. c3 cxd4 4. cxd4 Nf6 5. Nc3 Nc6 6. e3 Bf5 7. a3 e6 8. Nf3 Nd7 9. Bd3 Bxd3 10. Qxd3 Rc8 11. 0-0 Be7 12. Qb5 Nb6 13. Ne5 0-0 14. Rac1 a6 15. Nxc6 Rxc6 16. Qb3 Qd7 17. Rc2 Rfc8 18. Rfc1 Nc4 19. h3 b5 20. Qa2 Qb7 21. Qb3 h6 22. Nb1 Bf8 23. Bg3 Qd7 24. Qd3 Nxb2 25. Qb3 Rxc2 26. Rxc2 Rxc2 27. Qxc2 Nc4 28. Qb3 Qe7 29. a4 Qb4 30. Qxb4 Bxb4 31. axb5 axb5 32. Kf1 Kf8 33. Ke2 Ke7 34. Kd3 Kd7 35. f3 Kc6 36. e4 f5 37. exf5 exf5 38. h4 h5 39. Nc3 Bxc3 40. Kxc3 Ne3 41. Bf4 Nxg2 42. Bg5 Ne1 43. f4 Nf3 44. Be7 Kd7 0-1

[Event "GER-chA Seniors 26th"]
[Site "Bad Neuenahr"]
[Date "2014.08.05"]
[Round "1"]
[White "Bartsch, Berthold"]
[Black "Krebel, Christoph"]
[Result "1-0"]
[WhiteElo "2243"]
[BlackElo "2021"]
[PlyCount "113"]
[EventDate "2014.08.05"]
[EventType "swiss"]
[EventRounds "9"]
[EventCountry "GER"]
[SourceTitle "EXT 2018"]
[Source "ChessBase"]
[SourceDate "2017.10.13"]
[SourceVersion "1"]
[SourceVersionDate "2017.10.13"]
[SourceQuality "1"]

1. Nc3 Nf6 2. e4 e5 3. f4 d5 4. fxe5 Nxe4 5. Nf3 Be7 6. d4 Bg4 7. Bd3 Bb4 8. Bd2 Nxd2 9. Qxd2 Bxf3 10. gxf3 Qh4+ 11. Qf2 Qxf2+ 12. Kxf2 c6 13. f4 Nd7 14. Ne2 0-0-0 15. h4 c5 16. c3 Ba5 17. dxc5 Nxc5 18. Bf5+ Ne6 19. Rad1 Kb8 20. Rh3 g6 21. Bg4 Bb6+ 22. Kf3 Nc5 23. h5 Ne4 24. Nd4 Bxd4 25. Rxd4 f5 26. exf6 Nxf6 27. hxg6 hxg6 28. Rxh8 Rxh8 29. Be6 Rh2 30. Bxd5 Nxd5 31. Rxd5 Rxb2 32. Rd6 Rxa2 33. Rxg6 Rc2 34. f5 Rxc3+ 35. Ke4 Rc1 36. f6 Re1+ 37. Kd5 Rd1+ 38. Ke6 Re1+ 39. Kd7 Rd1+ 40. Ke8 Re1+ 41. Kf8 Rf1 42. f7 a5 43. Ke7 Rxf7+ 44. Kxf7 Kc7 45. Ke6 Kc6 46. Rg1 b5 47. Rc1+ Kb6 48. Kd5 a4 49. Kd4 Ka5 50. Kc3 b4+ 51. Kb2 Kb5 52. Rc7 Kb6 53. Rc8 Kb5 54. Kc2 b3+ 55. Kc3 Kb6 56. Ra8 Kb5 57. Ra7 1-0

[Event "GER-ch Seniors"]
[Site "Dresden"]
[Date "2012.08.10"]
[Round "2"]
[White "Engelbert, Christoph"]
[Black "Krebel, Christoph"]
[Result "1-0"]
[WhiteElo "2165"]
[BlackElo "1998"]
[PlyCount "79"]
[EventDate "2012.08.09"]
[EventType "swiss"]
[EventRounds "9"]
[EventCountry "GER"]
[SourceTitle "EXT 2014"]
[Source "ChessBase"]
[SourceDate "2013.11.20"]
[SourceVersion "1"]
[SourceVersionDate "2013.11.20"]
[SourceQuality "1"]

1. e4 Nf6 2. e5 Nd5 3. d4 d6 4. c4 Nb6 5. exd6 exd6 6. Nc3 Nc6 7. Be3 Be7 8. Be2 0-0 9. h3 Bf5 10. Nf3 Bf6 11. 0-0 Bg6 12. Rc1 d5 13. c5 Nc8 14. Nh2 Re8 15. Qd2 h5 16. Bf3 N8e7 17. g4 hxg4 18. hxg4 Bh4 19. Bg2 Bh7 20. Nf3 Ng6 21. Nxd5 Qd7 22. Nh2 Bd8 23. Nc3 Nh4 24. Bh1 Bf6 25. Rfd1 Rad8 26. Nd5 Be4 27. Nxf6+ gxf6 28. Bxe4 Rxe4 29. f3 Nxf3+ 30. Nxf3 Rxg4+ 31. Kf2 Qf5 32. Qc2 Qd5 33. Rg1 f5 34. Nh4 Nxd4 35. Qd1 Qe4 36. Rc4 Kf8 37. Rxg4 fxg4 38. Rxd4 g3+ 39. Ke2 Rxd4 40. Qxd4 1-0

[Event "Muensterland op 29th"]
[Site "Senden"]
[Date "2011.10.21"]
[Round "1"]
[White "Krebel, Christoph"]
[Black "Podzielny, Karl Heinz"]
[Result "0-1"]
[WhiteElo "2007"]
[BlackElo "2470"]
[PlyCount "38"]
[EventDate "2011.10.21"]
[EventType "swiss"]
[EventRounds "9"]
[EventCountry "GER"]
[SourceTitle "EXT 2012"]
[Source "ChessBase"]
[SourceDate "2011.11.24"]
[SourceVersion "1"]
[SourceVersionDate "2011.11.24"]
[SourceQuality "1"]

1. d4 Nf6 2. c4 g6 3. Nc3 Bg7 4. e4 d6 5. f3 Nc6 6. Be3 0-0 7. Nge2 a6 8. Qd2 Rb8 9. g4 b5 10. Ng3 e5 11. dxe5 Nxe5 12. Be2 bxc4 13. h4 d5 14. 0-0-0 Be6 15. exd5 Nxd5 16. Nxd5 Nd3+ 17. Bxd3 Bxb2+ 18. Qxb2 Rxb2 19. Kxb2 Qxd5 0-1

[Event "Goch op 21st"]
[Site "Goch"]
[Date "2010.09.30"]
[Round "1"]
[White "Krebel, Christoph"]
[Black "Stelter, Wilhelm"]
[Result "1-0"]
[WhiteElo "2083"]
[BlackElo "1745"]
[PlyCount "29"]
[EventDate "2010.09.30"]
[EventType "swiss"]
[EventRounds "7"]
[EventCountry "GER"]
[SourceTitle "EXT 2012"]
[Source "ChessBase"]
[SourceDate "2011.11.24"]
[SourceVersion "1"]
[SourceVersionDate "2011.11.24"]
[SourceQuality "1"]

1. d4 d5 2. c4 e6 3. Nf3 Nf6 4. Nc3 Nbd7 5. Bg5 c6 6. e3 Qa5 7. cxd5 Nxd5 8. Qd2 N7b6 9. Bd3 Nxc3 10. bxc3 f6 11. Bh4 Nd5 12. 0-0 Nxc3 13. Rfc1 Bb4 14. a3 Nb1 15. Qxb4 1-0

[Event "Goch op 16th"]
[Site "Goch"]
[Date "2005.10.02"]
[Round "5"]
[White "Fehr, Felix"]
[Black "Krebel, Christoph"]
[Result "1/2-1/2"]
[WhiteElo "2190"]
[BlackElo "2102"]
[PlyCount "81"]
[EventDate "2005.09.30"]
[EventType "swiss"]
[EventRounds "7"]
[EventCountry "GER"]
[SourceTitle "EXT 2007"]
[Source "ChessBase"]
[SourceDate "2006.11.23"]
[SourceVersion "1"]
[SourceVersionDate "2006.11.23"]
[SourceQuality "1"]

1. c4 c6 2. g3 d5 3. Nf3 Nf6 4. Bg2 Bg4 5. Ne5 Be6 6. 0-0 g6 7. d4 Bg7 8. Nc3 0-0 9. cxd5 Nxd5 10. Nf3 h6 11. e4 Nb6 12. h3 a5 13. Qc2 Na6 14. a3 Qc8 15. Kh2 Rd8 16. b3 Nc7 17. Be3 Ra6 18. a4 Nba8 19. Rac1 b5 20. axb5 Nxb5 21. Nxb5 cxb5 22. Qd2 Qb7 23. d5 Kh7 24. Nd4 Bd7 25. f4 Nc7 26. f5 g5 27. Rfd1 Qb8 28. Rc5 Ne8 29. Rdc1 a4 30. bxa4 Rxa4 31. Qd3 Be5 32. Bf2 Nd6 33. Re1 Nc4 34. Nf3 Ra3 35. Qc2 Rc3 36. Qb1 Na3 37. Qd1 b4 38. Nxe5 Qxe5 39. Rxc3 bxc3 40. f6 Nb5 41. fxe7 1/2-1/2

[Event "Goch op 10th"]
[Site "Goch"]
[Date "1999.10.16"]
[Round "5.24"]
[White "Eickhoff, Hermann"]
[Black "Krebel, Christoph"]
[Result "1-0"]
[WhiteElo "2159"]
[BlackElo "1957"]
[PlyCount "71"]
[EventDate "1999.10.14"]
[EventType "swiss"]
[EventRounds "7"]
[EventCountry "GER"]
[SourceTitle "EXT 2002"]
[Source "ChessBase"]
[SourceDate "2001.11.25"]
[SourceVersion "1"]
[SourceVersionDate "2001.11.25"]
[SourceQuality "1"]

1. e4 d5 2. Nc3 d4 3. Nce2 e5 4. d3 Nc6 5. f4 Bg4 6. h3 Bh5 7. Kf2 f6 8. g4 Bf7 9. Nf3 Bc5 10. Ng3 Nge7 11. Be2 Qd7 12. a3 a6 13. f5 0-0-0 14. Bd2 g6 15. b4 Bb6 16. a4 a5 17. bxa5 Bxa5 18. g5 gxf5 19. gxf6 Bxd2 20. Qxd2 f4 21. fxe7 fxg3+ 22. Kg2 Qxe7 23. a5 Nb8 24. Ng5 h5 25. Nxf7 Qxf7 26. Rhf1 Qg7 27. Rf5 Rdf8 28. Raf1 Rxf5 29. Rxf5 Nd7 30. Qb4 Nf6 31. Qc4 Kb8 32. a6 bxa6 33. Qxa6 Ne8 34. Qb5+ Kc8 35. Rxh5 Nd6 36. Rxh8+ 1-0

[Event "Goch op 10th"]
[Site "Goch"]
[Date "1999.10.15"]
[Round "3.21"]
[White "Krebel, Christoph"]
[Black "Supplieth, Peter"]
[Result "1/2-1/2"]
[WhiteElo "1957"]
[BlackElo "2161"]
[PlyCount "39"]
[EventDate "1999.10.14"]
[EventType "swiss"]
[EventRounds "7"]
[EventCountry "GER"]
[SourceTitle "EXT 2002"]
[Source "ChessBase"]
[SourceDate "2001.11.25"]
[SourceVersion "1"]
[SourceVersionDate "2001.11.25"]
[SourceQuality "1"]

1. d4 Nf6 2. c4 g6 3. Nc3 d5 4. Nf3 Bg7 5. Bf4 0-0 6. Rc1 c6 7. e3 Qa5 8. Qd2 Bg4 9. Ne5 Be6 10. Be2 Nbd7 11. c5 Nxe5 12. Bxe5 Qd8 13. 0-0 Rc8 14. Bg3 Re8 15. Rfd1 Bf5 16. b4 Ne4 17. Nxe4 Bxe4 18. Bg4 e6 19. Be2 Bf5 20. Qb2 1/2-1/2